000 00279nmm a2200085Ia 4500
008 220120s9999||||xx |||||||||||||||||und||
100 _aPrakash, Shesha M.N and Mogaveer, Ganesh B
245 0 _aElements of civil engineering and engineering mechanics
260 _aNew aga international
999 _c139599
_d139599